Detalles MARC
| 000 -LEADER |
| fixed length control field |
03580nam a2200541Ii 4500 |
| 001 - CONTROL NUMBER |
| control field |
DIGSGL21ES0159 |
| 003 - CONTROL NUMBER IDENTIFIER |
| control field |
NyNyDIG |
| 008 - FIXED-LENGTH DATA ELEMENTS--GENERAL INFORMATION |
| fixed length control field |
190509s2017 sp ob 000 0 spa d |
| 006 - FIXED-LENGTH DATA ELEMENTS--ADDITIONAL MATERIAL CHARACTERISTICS |
| fixed length control field |
m o d |
| 007 - PHYSICAL DESCRIPTION FIXED FIELD--GENERAL INFORMATION |
| fixed length control field |
cr ||||||||||| |
| 035 ## - SYSTEM CONTROL NUMBER |
| System control number |
(OCoLC)1101582110 |
| 040 ## - CATALOGING SOURCE |
| Original cataloging agency |
DGITA |
| Language of cataloging |
eng |
| Description conventions |
rda |
| -- |
pn |
| Transcribing agency |
DGITA |
| 020 ## - INTERNATIONAL STANDARD BOOK NUMBER |
| International Standard Book Number |
9788432318696 |
| Qualifying information |
(eBook ; |
| -- |
ePub) |
| 020 ## - INTERNATIONAL STANDARD BOOK NUMBER |
| International Standard Book Number |
8432318698 |
| Qualifying information |
(eBook ; |
| -- |
ePub) |
| 020 ## - INTERNATIONAL STANDARD BOOK NUMBER |
| Canceled/invalid ISBN |
9788432316708 |
| 020 ## - INTERNATIONAL STANDARD BOOK NUMBER |
| Canceled/invalid ISBN |
8432316709 |
| 043 ## - GEOGRAPHIC AREA CODE |
| Geographic area code |
e-sp--- |
| 050 14 - LIBRARY OF CONGRESS CALL NUMBER |
| Classification number |
HX343.5 ebook |
| 082 04 - DEWEY DECIMAL CLASSIFICATION NUMBER |
| Classification number |
335.00946 |
| 100 1# - MAIN ENTRY--PERSONAL NAME |
| Personal name |
Gálvez Biesca, Sergio, |
| Relator term |
author. |
| 245 13 - TITLE STATEMENT |
| Title |
La gran huelga general : |
| Remainder of title |
el sindicalismo contra la "modernización socialista" / |
| Statement of responsibility, etc. |
Sergio Gálvez Biesca. |
| 264 #1 - PRODUCTION, PUBLICATION, DISTRIBUTION, MANUFACTURE, AND COPYRIGHT NOTICE |
| Place of production, publication, distribution, manufacture |
Tres Cantos, Madrid, España : |
| Name of producer, publisher, distributor, manufacturer |
Siglo XXI España, |
| Date of production, publication, distribution, manufacture, or copyright notice |
[2017] |
| 300 ## - PHYSICAL DESCRIPTION |
| Extent |
1 online resource. |
| 336 ## - CONTENT TYPE |
| Content type term |
text |
| Content type code |
txt |
| Source |
rdacontent |
| 337 ## - MEDIA TYPE |
| Media type term |
computer |
| Media type code |
c |
| Source |
rdamedia |
| 338 ## - CARRIER TYPE |
| Carrier type term |
online resource |
| Carrier type code |
cr |
| Source |
rdacarrier |
| 347 ## - DIGITAL FILE CHARACTERISTICS |
| File type |
text file |
| Source |
rdaft |
| 347 ## - DIGITAL FILE CHARACTERISTICS |
| File type |
EPUB |
| 490 1# - SERIES STATEMENT |
| Series statement |
Serie Historia |
| 504 ## - BIBLIOGRAPHY, ETC. NOTE |
| Bibliography, etc. note |
Includes bibliographical references. |
| 505 0# - FORMATTED CONTENTS NOTE |
| Formatted contents note |
¿Historia de un éxito? -- Felipe se olvida de la letra de La Internacional -- Las lógicas de la conflictividad obera durante el primer quinquenio socialista (1983-1988) -- La construcción de la "Unidad de Acción" sindical -- Antecedentes (I) : la formación histórica de la "Cultura de la Precariedad" -- Antecedentes (II) : el nacimiento de la "Feliz Idea" del Plan : 31.o Congreso del PSOE (1988) -- Antecedentes (III) : una historia del plan de empleo juvenil -- 28 de octubre de 1988 : una inusual forma de celebrar el 6.o aniversario de la victoria electoral socialista -- El PEJ : ¿El oscuro objeto de deseo del neoliberalismo de la década de los ochenta? -- El socialismo español escribe el "(No) Manual" para que una huelga general triunfe -- Trece días de diciembre (I) : la metamorfosis interna del 14D -- Trece días de diciembre (II) : la guerra que ganó la UGT -- Trece días de diciembre (III) : blanco o negro, todos quedan retratados -- Trece días de diciembre (IV) : la lógica de la criminalización que no cesa contra los sindicatos de clase -- Trece días de diciembre (V) : la Reventa del PEJ y la batalla por los servicios mínimos antes y después del 14D -- Trece días de diciembre (VI) : el Sprint definitivo : los sindicatos se vienen arriba e interior mete miedo -- ¿De derrota en derrota hasta la victoria? (I) : miércoles 14 : el golpe maestro -- ¿De derrota en derrota hasta la victoria? (II) : jueves 15 : en estado de shock -- ¿De errota en derrota hasta la victoria? (III) : viernes 16 : el éxtasis final. |
| 588 0# - SOURCE OF DESCRIPTION NOTE |
| Source of description note |
Online resource; title from ePub title page (Digitalia, viewed May 18, 2019) |
| 650 #0 - SUBJECT ADDED ENTRY--TOPICAL TERM |
| Topical term or geographic name entry element |
Socialism |
| Geographic subdivision |
Spain |
| General subdivision |
History. |
| 650 #0 - SUBJECT ADDED ENTRY--TOPICAL TERM |
| Topical term or geographic name entry element |
General strikes |
| Geographic subdivision |
Spain. |
| 651 #0 - SUBJECT ADDED ENTRY--GEOGRAPHIC NAME |
| Geographic name |
Spain |
| General subdivision |
Economic policy. |
| 651 #0 - SUBJECT ADDED ENTRY--GEOGRAPHIC NAME |
| Geographic name |
Spain |
| General subdivision |
Social policy. |
| 650 #0 - SUBJECT ADDED ENTRY--TOPICAL TERM |
| Topical term or geographic name entry element |
Syndicalism |
| Geographic subdivision |
Spain |
| General subdivision |
History. |
| 651 #0 - SUBJECT ADDED ENTRY--GEOGRAPHIC NAME |
| Geographic name |
Spain |
| General subdivision |
Social conditions |
| Chronological subdivision |
1975- |
| 651 #0 - SUBJECT ADDED ENTRY--GEOGRAPHIC NAME |
| Geographic name |
Spain |
| General subdivision |
Politics and government |
| Chronological subdivision |
1982- |
| 655 #0 - INDEX TERM--GENRE/FORM |
| Genre/form data or focus term |
Electronic books. |
| 791 2# - |
| -- |
Digitalia (Firm), |
| -- |
distributor. |
| 793 0# - |
| -- |
Digitalia eBook Collection: |
| -- |
Siglo XXI de España Editores |
| 776 08 - ADDITIONAL PHYSICAL FORM ENTRY |
| Relationship information |
Print version: |
| Main entry heading |
Gálvez Biesca, Sergio. |
| Title |
Gran huelga general. |
| Place, publisher, and date of publication |
Madrid : Siglo XXI De España Editores, [2017] |
| International Standard Book Number |
9788432316708 |
| Record control number |
(DLC) 2018365013 |
| -- |
(OCoLC)1018366197 |
| 830 #0 - SERIES ADDED ENTRY--UNIFORM TITLE |
| Uniform title |
Historia (Siglo Veintiuno de España Editores) |
| 856 40 - ELECTRONIC LOCATION AND ACCESS |
| Materials specified |
Digitalia Hispánica |
| Uniform Resource Identifier |
<a href="https://www.digitaliapublishing.com/a/55149/">https://www.digitaliapublishing.com/a/55149/</a> |
| 910 ## - USER-OPTION DATA (OCLC) |
| User-option data |
Premium collection: 2019 |
| 942 ## - ADDED ENTRY ELEMENTS (KOHA) |
| Koha item type |
Recurso Electrónico |